00682nam a2200241 a 4500001001300000003000900013005001700022008004100039020001000080082001500090100002100105245003200126260003400158300000900192500003500201505001000236650002300246700002100269902000800290942000700298952011800305999001700423nice12345678IN_TiNIC20260116015242.0050524s1956 newa grp 000 0 eng  ac10000a220.7bDEN aDentan, Robert C aHoly Scripturesb a Survey. aNew YorkbSeabury Pressc1956 a221p aincludes index and biblioraphy2 aIndex aBible-Dictionaries1 aDentan, Robert C bSRS cBK 001040708StackRoom-aHMIbHMId2007-06-18g100.00l0o220.7 DENp11000902r2007-06-18v100.00w2005-05-24yBK c18930d18930